000 00455nam a2200193Ia 4500
003 0100
008 130227s9999 xx 000 0 und d
040 _cARRUPELIB
050 _aLB1028.C437 1998
100 _aRudduck, Jean
245 _aChallenges for educational research
260 _aLondon
260 _bPaul Chapman
260 _C1998
300 _aviii
300 _b 211p. 23cm.
650 _bEurope - History - Sources
942 _2lcc
_01
999 _c4864
_d4864